000 00462nam a2200181Ia 4500
003 GCL
008 140319s9999 xx 000 0 eng d
040 _aGCL /
_cGCL
082 0 4 _a843
_bB T
100 1 _aBIANCIOTTI, HECTOR
245 1 0 _aLE TRAITE DES SAISONS /
_cBIANCIOTTI, HECTOR
260 _a[S.N] :
_bGALLIMARD ،
_c1984
300 _a246 P
490 _aCOLLECTION FOLIO
_v0
650 0 4 _aLITERATURE
650 0 4 _aFRENCH LITERATURE
942 _2ddc
_cBK
999 _c23033
_d23033